La Europa atlántica en la edad del bronce: un viaje a las raíces de la Europa occidental
Gespeichert in:
| 1. Verfasser: | |
|---|---|
| Format: | Buch |
| Sprache: | Spanisch |
| Veröffentlicht: |
Barcelona
Crítica
1998
|
| Schriftenreihe: | Crítica - Arqueología
|
| Schlagworte: | |
| Tags: |
Tag hinzufügen
Keine Tags, Fügen Sie den ersten Tag hinzu!
|
MARC
| LEADER | 00000nam a2200000 a 4500 | ||
|---|---|---|---|
| 001 | UCL6637 | ||
| 003 | CL-VaPUC | ||
| 008 | 040416e19980000SP |||||||||||||||||spa|d | ||
| 020 | |a 8474239060 | ||
| 082 | 0 | 4 | |a 936 |b RUI |2 21 |
| 100 | 0 | |a Ruiz-Gálvez Priego, Marisa |e author |9 484262 | |
| 245 | 1 | 3 | |a La Europa atlántica en la edad del bronce: un viaje a las raíces de la Europa occidental |
| 300 | |a 399 p | ||
| 942 | |c BK | ||
| 945 | |d 20040416 00:00:00 |a cmena | ||
| 260 | |a Barcelona |b Crítica |c 1998 | ||
| 650 | 7 | |a PREHISTORIA DE EUROPA |2 CL-VaPUC |9 484263 | |
| 650 | 7 | |a EDAD DEL BRONCE |2 CL-VaPUC |9 390695 | |
| 650 | 7 | |a RELACIONES COMERCIALES |2 CL-VaPUC |9 322074 | |
| 651 | 0 | |a Europa |9 255156 | |
| 583 | |a last modification |c 20040416 00:00:00 |k Rodrigo Vera | ||
| 490 | 0 | |a Crítica - Arqueología | |
| 999 | |c 308631 |d 308629 | ||
| 952 | |0 0 |1 0 |4 0 |6 936_000000000000000_RUI_1998 |7 0 |8 A |9 375302 |a BIBHIS |b BIBHIS |d 2019-11-21 |i 4006720 |o 936 RUI 1998 |p 4006720 |r 2025-01-20 |w 2019-11-21 |y BK |k HIS | ||